|
|
|
|
| LEADER |
03919cam a2200817 ia4500 |
| 001 |
nkc20193164591 |
| 003 |
CZ PrNK |
| 005 |
20251129111753.0 |
| 007 |
ta |
| 008 |
191212m20169999xr abe e f 000 0 cze |
| 015 |
|
|
|a cnb003164591
|z cnb002859977
|
| 020 |
|
|
|a 978-80-7432-748-3
|q ([I] ;
|q vázáno)
|
| 020 |
|
|
|a 978-80-7432-920-3
|q (II ;
|q vázáno) :
|c Kč 399,00
|
| 035 |
|
|
|a (OCoLC)1135612331
|
| 035 |
|
|
|a (OCoLC)972575399
|
| 040 |
|
|
|a ABA001
|b cze
|e rda
|
| 043 |
|
|
|a e-xr---
|b e-xr-jm
|2 czenas
|
| 045 |
|
|
|a w9y0
|
| 072 |
|
7 |
|a 72
|x Architektura
|2 Konspekt
|9 21
|
| 080 |
|
|
|a 72
|2 MRF
|
| 080 |
|
|
|a 72.036/.038
|2 MRF
|
| 080 |
|
|
|a 72:904
|2 MRF
|
| 080 |
|
|
|a (437.322)
|2 MRF
|
| 080 |
|
|
|a (036)
|2 MRF
|
| 080 |
|
|
|a (084.12)
|2 MRF
|
| 100 |
1 |
|
|a Vrabelová, Renata,
|d 1959-
|7 xx0046456
|4 aut
|
| 245 |
1 |
0 |
|a Brno moderní :
|b velký průvodce po architektuře /
|c Renata Vrabelová, Petra Svobodová, Vladimír Šlapeta ; fotografie Pavel Hroch
|
| 246 |
3 |
0 |
|a Velký průvodce po architektuře
|
| 250 |
|
|
|a Vydání první
|
| 264 |
|
1 |
|a V Praze :
|b Paseka,
|c 2016-
|
| 300 |
|
|
|a ^^^svazky :
|b ilustrace, mapy, plány ;
|c 25 cm
|
| 336 |
|
|
|a text
|b txt
|2 rdacontent
|
| 336 |
|
|
|a statický obraz
|b sti
|2 rdacontent
|
| 337 |
|
|
|a bez média
|b n
|2 rdamedia
|
| 338 |
|
|
|a svazek
|b nc
|2 rdacarrier
|
| 500 |
|
|
|a Terminologické slovníky
|
| 504 |
|
|
|a Obsahuje bibliografie
|
| 505 |
1 |
|
|a [I]. 1890-1948. 2016. 293 stran. -- II. 1949-2000 / Renata Vrabelová, Vladimír Šlapeta ; fotografie Milan Jaroš a Lukáš Žentel. 2019. 243 stran
|
| 648 |
|
7 |
|a 19.-20. století
|7 ch757015
|2 czenas
|
| 648 |
|
4 |
|a 1890-2000
|
| 650 |
0 |
7 |
|a architektura
|7 ph118586
|z Česko
|y 19.-20. století
|2 czenas
|
| 650 |
0 |
7 |
|a moderní architektura
|7 ph115339
|z Česko
|2 czenas
|
| 650 |
0 |
7 |
|a architektonické památky
|7 ph118585
|z Česko
|2 czenas
|
| 650 |
0 |
9 |
|a architecture
|z Czechia
|y 19th-20th centuries
|2 eczenas
|
| 650 |
0 |
9 |
|a modern architecture
|z Czechia
|2 eczenas
|
| 650 |
0 |
9 |
|a architectural monuments
|z Czechia
|2 eczenas
|
| 651 |
|
7 |
|a Brno (Česko)
|7 ge134084
|2 czenas
|
| 651 |
|
9 |
|a Brno (Czechia)
|2 eczenas
|
| 655 |
|
7 |
|a průvodce
|7 fd133154
|2 czenas
|
| 655 |
|
7 |
|a fotografické publikace
|7 fd132276
|2 czenas
|
| 655 |
|
9 |
|a guidebooks
|2 eczenas
|
| 655 |
|
9 |
|a photographical works
|2 eczenas
|
| 700 |
1 |
|
|a Svobodová, Petra,
|d 1979-
|7 xx0208951
|4 aut
|
| 700 |
1 |
|
|a Šlapeta, Vladimír,
|d 1947-
|7 jk01130435
|4 aut
|
| 700 |
1 |
|
|a Hroch, Pavel,
|d 1967-
|7 jn20001227350
|4 pht
|
| 700 |
1 |
|
|a Jaroš, Milan,
|d 1979-
|7 jn20020903053
|4 pht
|
| 700 |
1 |
|
|a Žentel, Lukáš,
|d 1976-
|7 jx20110125023
|4 pht
|
| 910 |
2 |
|
|a BOA001
|b 2-1379.323
|s 1-2
|
| 990 |
|
|
|a BK
|
| 995 |
|
|
|a 01
|
| 991 |
|
|
|b 201701
|c NOV
|
| 996 |
6 |
|
|b 2610690569
|c 2-1379.323
|d 1. díl
|v 1
|l MZK
|r Sklad / do 1 hodiny
|n 23
|p p.v.
|w 001592185
|u 000010
|a 1
|e BOA001
|j MZK50
|s P
|
| 996 |
6 |
|
|b 2610691872
|c 2-1379.323
|d 1. díl
|v 1
|l MZK
|r STM 6p
|n 0
|p kup
|h 72 VRA
|w 001592185
|u 000020
|a 0
|e BOA001
|j MZK50
|s P
|
| 996 |
7 |
|
|b 2610691873
|c 2-1379.323
|d 1. díl
|v 1
|l Vol.výběr
|r VV 1p
|n 30
|p kup
|h 72 VRA
|w 001592185
|u 000030
|a 0
|e BOA001
|j MZK50
|s A
|
| 996 |
7 |
|
|b 2610707195
|c 2-1379.323
|d 1. díl
|v 1
|l Vol.výběr
|r VV 1p
|n 27
|p kup
|h 72 VRA
|w 001592185
|u 000040
|a 0
|e BOA001
|j MZK50
|s A
|
| 996 |
7 |
|
|b 2610792481
|c 2-1379.323
|d 1. díl
|v 1
|l Vol.výběr
|r VV 1p
|n 19
|p kup
|h 72 VRA
|w 001592185
|u 000050
|a 0
|e BOA001
|j MZK50
|s A
|
| 996 |
6 |
|
|b 2610814724
|c 2-1379.323
|d 2. díl
|v 2
|l MZK
|r Sklad / do 1 hodiny
|n 4
|p p.v.
|w 001592185
|u 000060
|a 1
|e BOA001
|j MZK50
|s P
|
| 996 |
6 |
|
|b 2610817979
|c 2-1379.323
|d 2. díl
|v 2
|l MZK
|r STM 6p
|n 0
|p kup
|h 72 VRA
|w 001592185
|u 000070
|a 0
|e BOA001
|j MZK50
|s P
|
| 996 |
7 |
|
|b 2610817980
|c 2-1379.323
|d 2. díl
|v 2
|l Vol.výběr
|r VV 1p
|n 11
|p kup
|h 72 VRA
|w 001592185
|u 000080
|a 0
|e BOA001
|j MZK50
|s A
|
| 996 |
7 |
|
|b 2610817981
|c 2-1379.323
|d 2. díl
|v 2
|l Vol.výběr
|r VV 1p
|n 11
|p kup
|h 72 VRA
|w 001592185
|u 000090
|a 0
|e BOA001
|j MZK50
|s A
|
| 996 |
7 |
|
|b 2610817982
|c 2-1379.323
|d 2. díl
|v 2
|l Vol.výběr
|r VV 1p
|n 11
|p kup
|h 72 VRA
|w 001592185
|u 000100
|a 0
|e BOA001
|j MZK50
|s A
|